{"text_format":"3","workbook":"xlsx","n_sheets":1,"sheets":["t404"],"read":"whole","date_system":"1900"}

{"sheet":"t404","index":0,"n_rows":195,"n_cols":7,"rows_kept":195,"merged":[[0,0,0,6],[28,0,28,5],[44,0,44,5],[158,0,158,5]]}
["TABELA 404.1 - Estatísticas Agrícolas, Município de Patrocínio Paulista, Estado de São Paulo, 2016/17."]
["ITEM","UNIDADE","N.DE UPAs","MÍNIMO","MÉDIO","MÁXIMO","TOTAL"]
["Distância à sede do município","km",698,{"v":1,"d":"1.0"},12.7,{"v":35,"d":"35.0"},"-"]
["Área total","hectare",698,{"v":2,"d":"2.0"},{"v":79.61,"d":"79.6"},{"v":1845,"d":"1,845.0"},{"v":55567.8,"d":"55,567.8"}]
["Área com cultura perene","hectare",188,0.5,{"v":28.36,"d":"28.4"},{"v":357,"d":"357.0"},{"v":5330.9,"d":"5,330.9"}]
["Área com cultura temporária","hectare",334,0.5,{"v":57.75,"d":"57.8"},{"v":900,"d":"900.0"},{"v":19289.3,"d":"19,289.3"}]
["Área com pastagem","hectare",548,0.2,{"v":28,"d":"28.0"},{"v":237,"d":"237.0"},{"v":15344.6,"d":"15,344.6"}]
["Área com reflorestamento","hectare",53,0.4,{"v":36.37,"d":"36.4"},{"v":584,"d":"584.0"},{"v":1927.8,"d":"1,927.8"}]
["Área com vegetação natural","hectare",608,0.1,{"v":21.64,"d":"21.6"},{"v":853,"d":"853.0"},{"v":13159.6,"d":"13,159.6"}]
["Área com vegetação de brejo e várzea","hectare",10,0.1,{"v":1.97,"d":"2.0"},{"v":5,"d":"5.0"},19.7]
["Área em descanso","hectare",1,53.5,53.5,53.5,53.5]
["Área complementar","hectare",565,0.1,{"v":0.78,"d":"0.8"},{"v":13,"d":"13.0"},442.4]
["Área das UPAs com (0, 1] ha","hectare","-","-","-","-","-"]
["Área das UPAs com (1, 2] ha","hectare",6,{"v":2,"d":"2.0"},{"v":2,"d":"2.0"},{"v":2,"d":"2.0"},{"v":12,"d":"12.0"}]
["Área das UPAs com (2, 5] ha","hectare",65,2.1,{"v":3.54,"d":"3.5"},{"v":5,"d":"5.0"},230.3]
["Área das UPAs com (5, 10] ha","hectare",74,5.1,{"v":7.72,"d":"7.7"},9.9,571.6]
["Área das UPAs com (10, 20] ha","hectare",91,10.2,14.5,19.6,{"v":1319.1,"d":"1,319.1"}]
["Área das UPAs com (20, 50] ha","hectare",160,20.5,{"v":31.64,"d":"31.6"},{"v":50,"d":"50.0"},{"v":5062.1,"d":"5,062.1"}]
["Área das UPAs com (50, 100] ha","hectare",127,50.4,{"v":73.71,"d":"73.7"},{"v":100,"d":"100.0"},{"v":9360.7,"d":"9,360.7"}]
["Área das UPAs com (100, 200] ha","hectare",103,101.2,{"v":138.48,"d":"138.5"},198.2,{"v":14263.9,"d":"14,263.9"}]
["Área das UPAs com (200, 500] ha","hectare",64,200.8,280.4,{"v":496,"d":"496.0"},{"v":17945.4,"d":"17,945.4"}]
["Área das UPAs com (500, 1.000] ha","hectare",7,509.6,{"v":708.24,"d":"708.2"},933.3,{"v":4957.7,"d":"4,957.7"}]
["Área das UPAs com (1.000, 2.000] ha","hectare",1,{"v":1845,"d":"1,845.0"},{"v":1845,"d":"1,845.0"},{"v":1845,"d":"1,845.0"},{"v":1845,"d":"1,845.0"}]
["Área das UPAs com (2.000, 5.000] ha","hectare","-","-","-","-","-"]
["Área das UPAs com (5.000, 10.000] ha","hectare","-","-","-","-","-"]
["Área das UPAs acima de 10.000 ha","hectare","-","-","-","-","-"]
["Fonte: Secretaria de Agricultura e Abastecimento, CDRS/IEA, Projeto LUPA."]
[]
["TABELA 404.2 - Explorações Animais, Município de Patrocínio Paulista, Estado de São Paulo, 2016/17."]
["ITEM","UNIDADE","N.DE UPAs","MÍNIMO","MÉDIO","MÁXIMO","TOTAL"]
["Asininos e muares","cabecas",42,{"v":1,"d":"1.0"},{"v":1.71,"d":"1.7"},{"v":10,"d":"10.0"},{"v":72,"d":"72.0"}]
["Avicultura de corte","cabecas/ano",1,{"v":300,"d":"300.0"},{"v":300,"d":"300.0"},{"v":300,"d":"300.0"},{"v":300,"d":"300.0"}]
["Avicultura ornamental/decorativa/exotica","cabecas",13,{"v":16,"d":"16.0"},{"v":45.85,"d":"45.9"},{"v":100,"d":"100.0"},{"v":596,"d":"596.0"}]
["Avicultura para ovos","cabecas",2,{"v":30000,"d":"30,000.0"},{"v":30000,"d":"30,000.0"},{"v":30000,"d":"30,000.0"},{"v":60000,"d":"60,000.0"}]
["Bovinocultura de corte","cabecas",336,{"v":2,"d":"2.0"},{"v":52.71,"d":"52.7"},{"v":600,"d":"600.0"},{"v":17712,"d":"17,712.0"}]
["Bovinocultura leiteira","cabecas",97,{"v":1,"d":"1.0"},{"v":54.98,"d":"55.0"},{"v":300,"d":"300.0"},{"v":5333,"d":"5,333.0"}]
["Bovinocultura mista","cabecas",9,{"v":6,"d":"6.0"},{"v":60,"d":"60.0"},{"v":180,"d":"180.0"},{"v":540,"d":"540.0"}]
["Cunicultura","cabecas",2,{"v":2,"d":"2.0"},{"v":2,"d":"2.0"},{"v":2,"d":"2.0"},{"v":4,"d":"4.0"}]
["Equinocultura","cabecas",321,{"v":1,"d":"1.0"},{"v":3.61,"d":"3.6"},{"v":80,"d":"80.0"},{"v":1159,"d":"1,159.0"}]
["Ovinocultura","cabecas",7,{"v":4,"d":"4.0"},{"v":31.43,"d":"31.4"},{"v":60,"d":"60.0"},{"v":220,"d":"220.0"}]
["Piscicultura","m2 tanques",1,{"v":5000,"d":"5,000.0"},{"v":5000,"d":"5,000.0"},{"v":5000,"d":"5,000.0"},{"v":5000,"d":"5,000.0"}]
["Suinocultura","cabecas",11,{"v":3,"d":"3.0"},{"v":661.45,"d":"661.5"},{"v":7000,"d":"7,000.0"},{"v":7276,"d":"7,276.0"}]
["Fonte: Secretaria de Agricultura e Abastecimento, CDRS/IEA, Projeto LUPA."]
[]
["TABELA 404.3 -  Máquinas, Implementos e Benfeitorias, Município de Patrocínio Paulista, Estado de São Paulo, 2016/17."]
["ITEM","UNIDADE","N.DE UPAs","MÍNIMO","MÉDIO","MÁXIMO","TOTAL"]
["Arado comum (bacia, aiveca)","unidade",56,{"v":1,"d":"1.0"},{"v":1.05,"d":"1.1"},{"v":2,"d":"2.0"},{"v":59,"d":"59.0"}]
["Arado escarificador","unidade",1,{"v":1,"d":"1.0"},{"v":1,"d":"1.0"},{"v":1,"d":"1.0"},{"v":1,"d":"1.0"}]
["Arado subsolador","unidade",3,{"v":1,"d":"1.0"},{"v":1.67,"d":"1.7"},{"v":3,"d":"3.0"},{"v":5,"d":"5.0"}]
["Camara fria","unidade",1,{"v":1,"d":"1.0"},{"v":1,"d":"1.0"},{"v":1,"d":"1.0"},{"v":1,"d":"1.0"}]
["Carreta de trator","unidade",163,{"v":1,"d":"1.0"},{"v":1.73,"d":"1.7"},{"v":7,"d":"7.0"},{"v":282,"d":"282.0"}]
["Colhedeira acoplada","unidade",7,{"v":1,"d":"1.0"},{"v":1.43,"d":"1.4"},{"v":3,"d":"3.0"},{"v":10,"d":"10.0"}]
["Colhedeira automotriz","unidade",9,{"v":1,"d":"1.0"},{"v":1.11,"d":"1.1"},{"v":2,"d":"2.0"},{"v":10,"d":"10.0"}]
["Computador","unidade",1,{"v":1,"d":"1.0"},{"v":1,"d":"1.0"},{"v":1,"d":"1.0"},{"v":1,"d":"1.0"}]
["Conj.irrigacao autopropelido","unidade",1,{"v":1,"d":"1.0"},{"v":1,"d":"1.0"},{"v":1,"d":"1.0"},{"v":1,"d":"1.0"}]
["Conj.irrigacao convencional","unidade",1,{"v":1,"d":"1.0"},{"v":1,"d":"1.0"},{"v":1,"d":"1.0"},{"v":1,"d":"1.0"}]
["Conj.irrigacao pivot central","unidade",2,{"v":1,"d":"1.0"},{"v":1,"d":"1.0"},{"v":1,"d":"1.0"},{"v":2,"d":"2.0"}]
["Conj.irrigacao/gotejamento/microaspersao","unidade",10,{"v":1,"d":"1.0"},1.1,{"v":2,"d":"2.0"},{"v":11,"d":"11.0"}]
["Desintegrador de palha (plantio direto)","unidade",4,{"v":1,"d":"1.0"},1.5,{"v":2,"d":"2.0"},{"v":6,"d":"6.0"}]
["Desintegrador, picador, triturador","unidade",47,{"v":1,"d":"1.0"},{"v":1.09,"d":"1.1"},{"v":3,"d":"3.0"},{"v":51,"d":"51.0"}]
["Distribuidor de calcario","unidade",87,{"v":1,"d":"1.0"},{"v":1.53,"d":"1.5"},{"v":5,"d":"5.0"},{"v":133,"d":"133.0"}]
["Ensiladeira","unidade",43,{"v":1,"d":"1.0"},{"v":1.05,"d":"1.1"},{"v":2,"d":"2.0"},{"v":45,"d":"45.0"}]
["Grade aradora (tipo romi)","unidade",54,{"v":1,"d":"1.0"},{"v":1.15,"d":"1.2"},{"v":4,"d":"4.0"},{"v":62,"d":"62.0"}]
["Grade niveladora","unidade",81,{"v":1,"d":"1.0"},{"v":1.06,"d":"1.1"},{"v":3,"d":"3.0"},{"v":86,"d":"86.0"}]
["Implementos para tracao animal","unidade",2,{"v":1,"d":"1.0"},{"v":1,"d":"1.0"},{"v":1,"d":"1.0"},{"v":2,"d":"2.0"}]
["Misturador de racao","unidade",6,{"v":1,"d":"1.0"},{"v":1,"d":"1.0"},{"v":1,"d":"1.0"},{"v":6,"d":"6.0"}]
["Mmicrotrator","unidade",3,{"v":1,"d":"1.0"},{"v":1,"d":"1.0"},{"v":1,"d":"1.0"},{"v":3,"d":"3.0"}]
["Ordenhadeira mecanica","unidade",73,{"v":1,"d":"1.0"},{"v":1,"d":"1.0"},{"v":1,"d":"1.0"},{"v":73,"d":"73.0"}]
["Pulverizador tratorizado","unidade",92,{"v":1,"d":"1.0"},{"v":1.97,"d":"2.0"},{"v":8,"d":"8.0"},{"v":181,"d":"181.0"}]
["Resfriador de leite, tanque expansao","unidade",74,{"v":1,"d":"1.0"},{"v":1.04,"d":"1.0"},{"v":3,"d":"3.0"},{"v":77,"d":"77.0"}]
["Roçadeira costal","unidade",23,{"v":1,"d":"1.0"},{"v":1.22,"d":"1.2"},{"v":3,"d":"3.0"},{"v":28,"d":"28.0"}]
["Roçadeira tratorizada","unidade",116,{"v":1,"d":"1.0"},1.5,{"v":7,"d":"7.0"},{"v":174,"d":"174.0"}]
["Roçadora","unidade",2,{"v":1,"d":"1.0"},1.5,{"v":2,"d":"2.0"},{"v":3,"d":"3.0"}]
["Semeadeira/adubadeira para plantio convencional","unidade",10,{"v":1,"d":"1.0"},{"v":1,"d":"1.0"},{"v":1,"d":"1.0"},{"v":10,"d":"10.0"}]
["Semeadeira/plantadeira plantio direto","unidade",21,{"v":1,"d":"1.0"},{"v":1.05,"d":"1.1"},{"v":2,"d":"2.0"},{"v":22,"d":"22.0"}]
["Tanque rede","m3",1,{"v":4,"d":"4.0"},{"v":4,"d":"4.0"},{"v":4,"d":"4.0"},{"v":4,"d":"4.0"}]
["Trator de esteiras","unidade",1,{"v":1,"d":"1.0"},{"v":1,"d":"1.0"},{"v":1,"d":"1.0"},{"v":1,"d":"1.0"}]
["Trator de pneus  acima de 85 cv","unidade",4,{"v":1,"d":"1.0"},{"v":1.25,"d":"1.3"},{"v":2,"d":"2.0"},{"v":5,"d":"5.0"}]
["Trator de pneus até 65 cv","unidade",110,{"v":1,"d":"1.0"},{"v":1.25,"d":"1.3"},{"v":4,"d":"4.0"},{"v":137,"d":"137.0"}]
["Trator de pneus de 66 cv a 85 cv","unidade",101,{"v":1,"d":"1.0"},{"v":2.67,"d":"2.7"},{"v":15,"d":"15.0"},{"v":270,"d":"270.0"}]
["Acude/represa","unidade",136,{"v":1,"d":"1.0"},{"v":1.42,"d":"1.4"},{"v":6,"d":"6.0"},{"v":193,"d":"193.0"}]
["Adega cantina","unidade",1,{"v":1,"d":"1.0"},{"v":1,"d":"1.0"},{"v":1,"d":"1.0"},{"v":1,"d":"1.0"}]
["Alambique","unidade",2,{"v":1,"d":"1.0"},{"v":1,"d":"1.0"},{"v":1,"d":"1.0"},{"v":2,"d":"2.0"}]
["Almoxarifado/oficina","unidade",2,{"v":1,"d":"1.0"},{"v":1,"d":"1.0"},{"v":1,"d":"1.0"},{"v":2,"d":"2.0"}]
["Balanca para bovinos","unidade",7,{"v":1,"d":"1.0"},{"v":1.14,"d":"1.1"},{"v":2,"d":"2.0"},{"v":8,"d":"8.0"}]
["Balanca para veiculos","unidade",2,{"v":1,"d":"1.0"},{"v":1,"d":"1.0"},{"v":1,"d":"1.0"},{"v":2,"d":"2.0"}]
["Barracao para granja/avicultura","unidade",3,{"v":4,"d":"4.0"},{"v":4.67,"d":"4.7"},{"v":6,"d":"6.0"},{"v":14,"d":"14.0"}]
["Barracao/galpao/garagem","unidade",418,{"v":1,"d":"1.0"},{"v":1.17,"d":"1.2"},{"v":4,"d":"4.0"},{"v":490,"d":"490.0"}]
["Biodigestor","unidade",1,{"v":1,"d":"1.0"},{"v":1,"d":"1.0"},{"v":1,"d":"1.0"},{"v":1,"d":"1.0"}]
["Casa de moradia habitada","unidade",378,{"v":1,"d":"1.0"},{"v":1.52,"d":"1.5"},{"v":11,"d":"11.0"},{"v":574,"d":"574.0"}]
["Casa de moradia total","unidade",554,{"v":1,"d":"1.0"},{"v":1.99,"d":"2.0"},{"v":11,"d":"11.0"},{"v":1100,"d":"1,100.0"}]
["Curral/mangueira","unidade",465,{"v":1,"d":"1.0"},{"v":1.03,"d":"1.0"},{"v":4,"d":"4.0"},{"v":481,"d":"481.0"}]
["Deposito/tulha","unidade",49,{"v":1,"d":"1.0"},{"v":1.12,"d":"1.1"},{"v":2,"d":"2.0"},{"v":55,"d":"55.0"}]
["Estabulo","unidade",9,{"v":1,"d":"1.0"},{"v":1,"d":"1.0"},{"v":1,"d":"1.0"},{"v":9,"d":"9.0"}]
["Estufa/plasticultura","m2",2]
["Fabrica de racao","unidade",3,{"v":1,"d":"1.0"},{"v":1,"d":"1.0"},{"v":1,"d":"1.0"},{"v":3,"d":"3.0"}]
["Instalacoes para equinos","unidade",3,{"v":1,"d":"1.0"},{"v":1.67,"d":"1.7"},{"v":3,"d":"3.0"},{"v":5,"d":"5.0"}]
["Maquina de beneficio","unidade",15,{"v":1,"d":"1.0"},{"v":1.13,"d":"1.1"},{"v":2,"d":"2.0"},{"v":17,"d":"17.0"}]
["Pocilga","unidade",10,{"v":1,"d":"1.0"},1.2,{"v":3,"d":"3.0"},{"v":12,"d":"12.0"}]
["Poco semi-artesiano","unidade",7,{"v":1,"d":"1.0"},{"v":1,"d":"1.0"},{"v":1,"d":"1.0"},{"v":7,"d":"7.0"}]
["Secador de graos","unidade",20,{"v":1,"d":"1.0"},{"v":1.85,"d":"1.9"},{"v":7,"d":"7.0"},{"v":37,"d":"37.0"}]
["Silo para graos","ton",3]
["Silo para silagem","ton",4]
["Terreiro","m2",80]
["Fonte: Secretaria de Agricultura e Abastecimento, CDRS/IEA, Projeto LUPA."]
[]
["TABELA 404.4 - Outras Estatísticas Agrícolas, Município de Patrocínio Paulista, Estado de São Paulo, 2016/17."]
["ITEM","Número de UPAs",null,"Percentual"]
["Faz Parte de Associação de Produtores",77,null,{"v":11.031518624641834,"d":"11.0"}]
["Faz Parte de Cooperativa de Produtores",288,null,{"v":41.26074498567335,"d":"41.3"}]
["Faz Parte do Sindicato de Produtores",393,null,{"v":56.30372492836676,"d":"56.3"}]
["Não utiliza assistência técnica ",320,null,{"v":45.845272206303726,"d":"45.8"}]
["Utiliza somente assistência técnica governamental ",131,null,{"v":18.76790830945559,"d":"18.8"}]
["Utiliza somente assistência técnica privada ",245,null,{"v":35.10028653295129,"d":"35.1"}]
["Utiliza assistência técnica tanto governamental quanto privada",2,null,{"v":0.28653295128939826,"d":"0.3"}]
["Utiliza Crédito Rural",153,null,{"v":21.91977077363897,"d":"21.9"}]
["Utiliza Seguro Rural",93,null,{"v":13.323782234957019,"d":"13.3"}]
["Utiliza Escrituração Agrícola",387,null,{"v":55.44412607449857,"d":"55.4"}]
["Acessa Internet p/ Fins na Agropecuária",192,null,{"v":27.507163323782233,"d":"27.5"}]
["Utiliza Computador nas Atividades Agropecuárias",184,null,{"v":26.361031518624642,"d":"26.4"}]
["Utiliza Energia Elétrica Para Uso na Atividade Agrícola",543,null,{"v":77.79369627507162,"d":"77.8"}]
["Utiliza Energia Alternativa",1,null,{"v":0.14326647564469913,"d":"0.1"}]
["Realiza Análise de Solo, quando necessário",424,null,{"v":60.74498567335244,"d":"60.7"}]
["Realiza Calagem",432,null,{"v":61.89111747851002,"d":"61.9"}]
["Utiliza Práticas de Conservação de Solo, quando necessário",429,null,{"v":61.46131805157593,"d":"61.5"}]
["Faz Adubação Mineral, quando necessário",439,null,{"v":62.89398280802292,"d":"62.9"}]
["Faz Adubação Orgânica, quando necessário",64,null,{"v":9.169054441260744,"d":"9.2"}]
["Faz Adubação Verde, quando necessário",5,null,{"v":0.7163323782234956,"d":"0.7"}]
["Utiliza Manejo Integrado de Pragas (MIP)","-",null,"-"]
["Utiliza Hidroponia","-",null,"-"]
["Utiliza Cultivo em Estufa",2,null,{"v":0.28653295128939826,"d":"0.3"}]
["Utiliza Mudas Fiscalizadas",3,null,{"v":0.42979942693409745,"d":"0.4"}]
["Utiliza Semente Melhorada",3,null,{"v":0.42979942693409745,"d":"0.4"}]
["Faz Confinamento de Bovinos",1,null,{"v":0.14326647564469913,"d":"0.1"}]
["Utiliza Pastejo Intensivo",23,null,{"v":3.2951289398280807,"d":"3.3"}]
["Faz Inseminação Artificial",12,null,{"v":1.7191977077363898,"d":"1.7"}]
["Faz Mineralização do Rebanho",407,null,{"v":58.30945558739255,"d":"58.3"}]
["Faz Vermifugação do Rebanho",379,null,{"v":54.29799426934097,"d":"54.3"}]
["Possui Parceiros /Arrendatários na Exploração Animal",168,null,{"v":24.068767908309457,"d":"24.1"}]
["Existência de trabalhadores c/ deficiência na UPA",1,null,{"v":0.14326647564469913,"d":"0.1"}]
["Esporte e lazer","-",null,"-"]
["Extração mineral","-",null,"-"]
["Hotel Fazenda, Pousada ou SPA","-",null,"-"]
["Pesque-pague",1,null,{"v":0.14326647564469913,"d":"0.1"}]
["Restaurante ou Lanchonete","-",null,"-"]
["Transformação artesanal","-",null,"-"]
["Turismo rural ou ecoturismo","-",null,"-"]
["Outras atividades econômicas rurais","-",null,"-"]
["Agroindústria","-",null,"-"]
["Proprietário sem instrução ou com instrução incompleta","-",null,"-"]
["Proprietário com antigo primário completo",7,null,{"v":1.0028653295128942,"d":"1.0"}]
["Proprietário com 1° grau (ou antigo ginasial) completo",234,null,{"v":33.5243553008596,"d":"33.5"}]
["Proprietário com 2° grau (ou antigo colegial) completo",176,null,{"v":25.214899713467048,"d":"25.2"}]
["Proprietário com curso superior completo ",256,null,{"v":36.67621776504298,"d":"36.7"}]
["Pessoa Jurídica",25,null,{"v":3.5816618911174785,"d":"3.6"}]
["Proprietário residente na própria UPA ",44,null,{"v":6.303724928366762,"d":"6.3"}]
["Fonte: Secretaria de Agricultura e Abastecimento, CDRS/IEA, Projeto LUPA."]
[]
["TABELA 404.5 - Área Cultivada, Município de Patrocínio Paulista, Estado de São Paulo, 2016/17."]
["CULTURA","N.DE UPAs","MÍNIMO","MÉDIO","MÁXIMO","TOTAL"]
["Cana-de-acucar finalidade industria",189,3.5,{"v":92.56,"d":"92.6"},{"v":900,"d":"900.0"},{"v":17494.1,"d":"17,494.1"}]
["Braquiaria",546,0.2,{"v":28.08,"d":"28.1"},{"v":237,"d":"237.0"},{"v":15331.8,"d":"15,331.8"}]
["Cafe",169,0.5,{"v":21.81,"d":"21.8"},{"v":357,"d":"357.0"},{"v":3685.8,"d":"3,685.8"}]
["Eucalipto",53,0.4,{"v":36.37,"d":"36.4"},{"v":584,"d":"584.0"},{"v":1927.8,"d":"1,927.8"}]
["Milho-silagem",83,{"v":1,"d":"1.0"},{"v":11.89,"d":"11.9"},{"v":60,"d":"60.0"},986.6]
["Laranja destino misto",6,{"v":65,"d":"65.0"},{"v":139.17,"d":"139.2"},{"v":266,"d":"266.0"},{"v":835,"d":"835.0"}]
["Laranja Industria",4,{"v":125,"d":"125.0"},{"v":159.33,"d":"159.3"},{"v":193,"d":"193.0"},637.3]
["Milho safra",55,0.7,{"v":8.37,"d":"8.4"},{"v":44,"d":"44.0"},460.5]
["Soja",4,{"v":29,"d":"29.0"},48.5,{"v":60,"d":"60.0"},{"v":194,"d":"194.0"}]
["Abacate",4,{"v":10,"d":"10.0"},29.5,{"v":40,"d":"40.0"},{"v":118,"d":"118.0"}]
["Grama em Placas (m2)",1,{"v":90,"d":"90.0"},{"v":90,"d":"90.0"},{"v":90,"d":"90.0"},{"v":90,"d":"90.0"}]
["Feijao",2,{"v":3,"d":"3.0"},{"v":16,"d":"16.0"},{"v":29,"d":"29.0"},{"v":32,"d":"32.0"}]
["Cana-de-acucar outras finalidades",12,0.5,{"v":1.71,"d":"1.7"},{"v":11,"d":"11.0"},20.5]
["Banana",2,{"v":1,"d":"1.0"},{"v":10,"d":"10.0"},{"v":19,"d":"19.0"},{"v":20,"d":"20.0"}]
["Mandioca",4,{"v":1,"d":"1.0"},{"v":4.33,"d":"4.3"},{"v":10,"d":"10.0"},17.3]
["Manga",1,{"v":16,"d":"16.0"},{"v":16,"d":"16.0"},{"v":16,"d":"16.0"},{"v":16,"d":"16.0"}]
["Laranja Mercado",1,{"v":12,"d":"12.0"},{"v":12,"d":"12.0"},{"v":12,"d":"12.0"},{"v":12,"d":"12.0"}]
["Outras olericolas",9,0.5,{"v":1.11,"d":"1.1"},{"v":3,"d":"3.0"},{"v":10,"d":"10.0"}]
["Alface",5,0.3,{"v":1.56,"d":"1.6"},{"v":4,"d":"4.0"},7.8]
["Capim-napier (ou capim-elefante)",3,0.6,{"v":1.87,"d":"1.9"},{"v":3,"d":"3.0"},5.6]
["Gramíneas para fenação (tonelada)",1,{"v":4,"d":"4.0"},{"v":4,"d":"4.0"},{"v":4,"d":"4.0"},{"v":4,"d":"4.0"}]
["Gramas",1,3.2,3.2,3.2,3.2]
["Milho-doce(verde)",2,{"v":1,"d":"1.0"},1.5,{"v":2,"d":"2.0"},{"v":3,"d":"3.0"}]
["Limao",1,{"v":2,"d":"2.0"},{"v":2,"d":"2.0"},{"v":2,"d":"2.0"},{"v":2,"d":"2.0"}]
["Outros viveiros",1,{"v":2,"d":"2.0"},{"v":2,"d":"2.0"},{"v":2,"d":"2.0"},{"v":2,"d":"2.0"}]
["Abobora (ou jerimum)",3,0.4,{"v":0.63,"d":"0.6"},{"v":1,"d":"1.0"},1.9]
["Uva fina",1,1.8,1.8,1.8,1.8]
["Acerola (ou cereja-das-antilhas)",1,1.5,1.5,1.5,1.5]
["Lichia",1,1.5,1.5,1.5,1.5]
["Tomate envarado",1,{"v":1,"d":"1.0"},{"v":1,"d":"1.0"},{"v":1,"d":"1.0"},{"v":1,"d":"1.0"}]
["Jilo",1,{"v":1,"d":"1.0"},{"v":1,"d":"1.0"},{"v":1,"d":"1.0"},{"v":1,"d":"1.0"}]
["Batata-doce",1,{"v":1,"d":"1.0"},{"v":1,"d":"1.0"},{"v":1,"d":"1.0"},{"v":1,"d":"1.0"}]
["Chuchu",2,0.4,0.4,0.4,0.8]
["Cebolinha",1,0.2,0.2,0.2,0.2]
["Fonte: Secretaria de Agricultura e Abastecimento, CDRS/IEA, Projeto LUPA."]